Top PDC Appearances - Statistics

General Stats
  • This quiz has been taken 23 times
  • The average score is 22 of 32
Answer Stats
Appearances Player Country % Correct
156 Michael van Gerwen Netherlands
100%
186 * Phil Taylor England
100%
149 Adrian Lewis England
95%
125 Gary Anderson Scotland
95%
168 James Wade England
95%
144 Peter Wright Scotland
95%
141 Simon Whitlock Australia
95%
104 John Part Canada
90%
153 Raymond van Barneveld Netherlands
90%
101 Brendan Dolan Northern Ireland
80%
92 Mensur Suljovic Austria
80%
78 * Andy Smith England
75%
124 Dave Chisnall England
75%
107 Kim Huybrechts Belgium
75%
96 Michael Smith England
75%
92 * Colin Lloyd England
70%
77 Mark Webster Wales
70%
109 Robert Thornton Scotland
70%
105 Vincent van der Voort Netherlands
70%
100 Andy Hamilton England
65%
80* Dennis Priestley England
65%
128 * Terry Jenkins England
65%
101 Jelle Klaasen Netherlands
60%
128 Mervyn King England
60%
114 Kevin Painter England
50%
96 Wes Newton England
50%
120 Steve Beaton England
45%
93 Justin Pipe England
35%
82 Mark Walsh England
35%
99 Ronnie Baxter England
35%
96 Ian White England
30%
87 Jamie Caven England
20%
No matching quizzes found
Score Distribution
Percent of People with Each Score
Percentile by Number Answered
Your Score History
You have not taken this quiz